Warisan: Antologi Cerpen Perpaduan
| Format: | Book |
|---|---|
| Published: |
Kuala Lumpur :
Fajar Bakti ,
1992
|
| Subjects: |
MARC
| LEADER | 00000cam a2200000 7i4500 | ||
|---|---|---|---|
| 001 | 0000080296 | ||
| 005 | 20120726.0 | ||
| 008 | 110118 bm | ||
| 020 | |a 9676540846 | ||
| 090 | 0 | 0 | |a 899.2333 WAR |
| 245 | 0 | 0 | |a Warisan: Antologi Cerpen Perpaduan |
| 260 | |a Kuala Lumpur : |b Fajar Bakti , |c 1992 | ||
| 300 | |a 177p. : |b [] ; |c 19cm. | ||
| 650 | 0 | 0 | |a Malay Poetry |
| 999 | |a 0000324014 |b Buku |c Rak Terbuka |e Perpustakaan Cawangan Jasin | ||
| 999 | |a 70435 |b Buku |c Rak Terbuka |e Perpustakaan Cawangan Masjid Tanah | ||